000 004890000a22001930004500
001 004125
003 MACL
005 20151025121626.0
008 151025b xxu||||| |||| 00| 0 eng d
040 _aMACL
_cMACL
041 _aEnglish
082 _a921/KRI
100 _aKrishnamurti, J
_94788
245 _aFreedom From The Known
_cJ Krishnamurti
260 _aPondicherry
_c1997
_bKrishna murti Foundation India,
350 _a70
650 _aBiography
_916626
942 _k921
_cBK
_2ddc
999 _c16016
_d16016